000 01008nam a22002417a 4500
999 _c62969
_d62969
005 20251125233100.0
008 s2554 th ||||| |||| 00| 0 tha d
020 _a9786167446042
040 _aNALT
050 _aDD247.J86 ส684ฮ 2554
100 0 _aสาละ บุญคง
245 1 0 _aฮิตเลอร์ - นาซี บุรุษผู้คิดคว่ำโลก
260 3 _aกรุงเทพฯ :
_bก้าวแรก,
_c2554
300 _a155 หน้า :
_b ภาพประกอบ ;
_c 21 ซม.
650 0 4 _aสงครามโลก, ค.ศ. 1939--1945 -- เยอรมนี
650 0 4 _aเยอรมัน -- ประวัติศาสตร์ -- 1933--1945
650 0 4 _aฮิตเลอร์, อะดอล์ฟ, ค.ศ. 1942--1945
650 0 4 _aนาซี
850 _aNALT
856 4 0 _uhttps://hdl.handle.net/20.500.14156/333850
_71
942 _cRSH
_2lcc